Statystyki dla Euro Kolejne

Kliknij tutaj aby rozwiązać quiz!

Ogólne statystyki

  • Ten quiz został rozwiązany 9 razy
  • Średni wynik to 3 z 9

Statystyki odpowiedzi

RokGospodarzZwycięzca2 Miejsce3 Miejsce% Poprawnych
2030Litwa, Łotwa, EstoniaPolskaIrlandia PółnocnaCzechy
86%
2029Francja, WłochyNiemcyWłochyWęgry
71%
2024Polska, SzwecjaBelgiaMaltaSłowenia
57%
2027IslandiaPortugaliaCzechyGrecja
29%
2032San Marino, WłochyPortugaliaPolskaSłowenia
29%
2031Polska, UkrainaSłowacjaIrlandia PółnocnaPolska
14%
2025FinlandiaSzwajcariaNiemcyGrejca
14%
2026Czechy, SłowacjaŁotwaSzwecjaSan Marino
0%
2028Belgia, HolandiaŁotwaIrlandiaSerbia
0%

Rozkład punktacji

Percentyl według liczby udzielonych odpowiedzi

Procent ludzi z każdym wynikiem

Twoja historia wyników

Nie rozwiązałeś tego quizu